On capitalist underdevelopment
Αποθηκεύτηκε σε:
| Κύριος συγγραφέας: | |
|---|---|
| Μορφή: | Βιβλίο |
| Γλώσσα: | English |
| Δημοσίευση: |
Bombay :
Oxford University Press,
1975
|
| Θέματα: | |
| Ετικέτες: |
Προσθήκη ετικέτας
Δεν υπάρχουν, Καταχωρήστε ετικέτα πρώτοι!
|
MARC
| LEADER | 00000cam a2200000 i 4500 | ||
|---|---|---|---|
| 001 | 1/7771 | ||
| 008 | 000623s1975 eng d | ||
| 020 | |a 019560475X | ||
| 035 | |l 10062408 | ||
| 040 | |a GR-MY-UA |b gre |e aacr | ||
| 041 | 0 | |a eng | |
| 082 | 0 | |a 338.911724 | |
| 100 | 1 | |a Frank, Andre Gunder, |d 1929-2005. | |
| 245 | 1 | 0 | |a On capitalist underdevelopment / |c Andre Gunder Frank |
| 260 | |a Bombay : |b Oxford University Press, |c 1975 | ||
| 300 | |a 113 p. | ||
| 504 | |a Includes bibliography | ||
| 650 | 0 | 0 | |a Economic development. |
| 651 | 0 | |a Developing countries |x Economic conditions. | |
| 852 | |a INST |b LESVOS |e 20000623 |h 338.911724 FRA |p 005100023369 |q 005100023369 |t BK |y 0 | ||
| 909 | |a Λ |b 077176 | ||
| 970 | |z 2000/06/ΟΙΚΟΝΟΜΟΠΟΥΛΟΥ ΧΡΙΣΤΙΝΑ | ||